000
00346nam a2200157Ia 4500
003
OSt
005
20240201104521.0
008
170524s9999 xx 000 0 und d
020
_a
8126110678
040
_c
IIMT
100
_a
Sudan- Amrik Singh
245
0
_a
Housekeeping Management
260
_b
Anmol Pub.
260
_c
2006
942
_2
ddc
_c
02
999
_c
6368
_d
6368